000 00606nam a2200169 i 4500
001 184956
003 ES-MaACL
005 20230906222322.0
008 160229s1854 it |||| | ita d
100 1 _aTapparelli, Luigi.
_9133118
245 1 0 _aEsame critico degli ordini rappresentativi nella società moderna /
_cper Luigi Taparelli.
260 _aRoma :
_bTip. della Civiltà Cattolica,
_c1854.
300 _a2 v. (XLIV, 540, 634 p.) ;
_c23 cm.
505 8 _aContiene: 1. Principii teorici -- 2. Applicazione pratica
650 4 _aGobierno representativo.
_9138674
852 _aES-MaACL
_jG-10656-57
999 _c184956
_d184956